Menolong orang satu kebajikan
| Main Author: | |
|---|---|
| Format: | Book |
| Published: |
Petaling Jaya :
Oscar Book International ,
1995
|
| Series: | Siri asas akhlak
|
| Subjects: |
MARC
| LEADER | 00000cam a2200000 7i4500 | ||
|---|---|---|---|
| 001 | 0000008511 | ||
| 002 | 000009276 | ||
| 005 | 20000330.0 | ||
| 020 | |a 9679413020 | ||
| 090 | 0 | 0 | |a JF |b ABH |
| 100 | 0 | |a Ab. Halim Mahmood | |
| 245 | 1 | 0 | |a Menolong orang satu kebajikan |c Ab.Halim Mahmood |
| 260 | |a Petaling Jaya : |b Oscar Book International , |c 1995 | ||
| 300 | |a 28p. : |b ill. ; |c 17cm. | ||
| 490 | 0 | |a Siri asas akhlak | |
| 650 | 0 | 0 | |a Children's stories, Malay |
| 999 | |a 040583 |b BUKU |c PINJAMAN |e PERPUSTAKAAN KOMUNITI PETALING JAYA | ||